Muzycy według zdjęć #1 - Statystyki

Ogólne statystyki
  • Ten quiz został rozwiązany 569 razy
  • Średni wynik to 10 z 16
Statystyki odpowiedzi
Obrazkowy Hint Odpowiedź % Poprawnych
The Most Beautiful Moment in Life Kim Tae-hyung
98%
Billie Jean Michael Jackson
92%
Jailhouse Rock Elvis Presley
90%
Stan Eminem
89%
V symfonia Beethovena Ludwig van Beethoven
89%
What a Wonderful World Louis Armstrong
85%
Czarodziejski flet (KV 620) Wolfgang Amadeus Mozart
85%
Imagine John Lennon
81%
Sign of the Times Harry Styles
78%
Treat You Better Shawn Mendes
66%
Hope Of Deliverance Paul McCartney
50%
99 Problems Jay-Z
46%
Happy Birthday Stevie Wonder
34%
Summertime Aretha Franklin
31%
The Times They Are a Changin' Bob Dylan
22%
So What Miles Davis
6%
Nie znaleziono quizów pasujących do podanych kryteriów
Rozkład punktacji
Procent ludzi z każdym wynikiem
Percentyl według liczby udzielonych odpowiedzi
Twoja historia wyników
Nie rozwiązałeś tego quizu